000 00713cam a22002291 4500
001 sa 68015385
003 DLC
005 20260227112643.0
008 720905s1968 xx 000 0 ind
010 _asa 68015385
035 _a(OCoLC)398809
040 _aDLC
_cOAU
_dDLC
042 _apremarc
050 0 0 _aJS7205.S9
_bA6
100 0 _aAbrar.
245 1 0 _aPemerintahan nagari;
_bsuatu pandangan sosiologis.
260 _a[Bukittinggi,
_bPertjetakan Nusantara]
_c1968.
300 _a18 p.
_c22 cm.
500 _aCover title.
500 _a"Diutjapkan pada hari penggelaran angkatan pertama Akademi Pemerintahan Dalam Negeri, Bukittinggi, 1968."
650 0 _aLocal government
_zIndonesia
_zSumatera Barat.
999 _c86412
_d86412